<?xml version="1.0" encoding="UTF-8"?>
<collection xmlns="http://www.loc.gov/MARC21/slim">
 <record>
  <leader>     na                 </leader>
  <controlfield tag="001">INLIS000000000015067</controlfield>
  <controlfield tag="005">20260121110413</controlfield>
  <datafield tag="035" ind1=" " ind2=" ">
   <subfield code="a">0010-0126000021</subfield>
  </datafield>
  <datafield tag="245" ind1="1" ind2=" ">
   <subfield code="a">Serangan Jepang ke Hindia Belanda pada masa perang dunia II 1942 :</subfield>
   <subfield code="b">Perebutan wilayah Nanyo /</subfield>
   <subfield code="c">Himawan Soetanto</subfield>
  </datafield>
  <datafield tag="100" ind1="0" ind2=" ">
   <subfield code="a">Himawan Soetanto</subfield>
  </datafield>
  <datafield tag="300" ind1=" " ind2=" ">
   <subfield code="a">xxxv, 488 hlm.; 21 cm. :</subfield>
   <subfield code="b">Ilustrasi</subfield>
  </datafield>
  <datafield tag="700" ind1="0" ind2=" ">
   <subfield code="a">Bantu Hardjijo</subfield>
  </datafield>
  <datafield tag="700" ind1="0" ind2=" ">
   <subfield code="a">Agus Gunaedi Pribadi</subfield>
  </datafield>
  <datafield tag="260" ind1=" " ind2=" ">
   <subfield code="a">Jakarta :</subfield>
   <subfield code="b">Prenada Media Group,</subfield>
   <subfield code="c">2009</subfield>
  </datafield>
  <datafield tag="082" ind1=" " ind2=" ">
   <subfield code="a">940.54</subfield>
  </datafield>
  <datafield tag="084" ind1=" " ind2=" ">
   <subfield code="a">940.54 HIM s</subfield>
  </datafield>
  <datafield tag="020" ind1=" " ind2=" ">
   <subfield code="a">978-979-3464-49-7</subfield>
  </datafield>
  <datafield tag="650" ind1=" " ind2=" ">
   <subfield code="a">Perang Dunia, 1939-1945</subfield>
  </datafield>
  <datafield tag="520" ind1=" " ind2=" ">
   <subfield code="a">Buku Serangan Jepang ke Hindia Belanda pada Perang Dunia II 1942 : Perebutan Wilayah Nanyo menghadirkan rangkaian fakta penting sejarah invasi dan pergerakan militer Jepang di Asia umumnya, Hindia Belanda khususnya dlam mewujudkan ambisi &quot;Asia Timur Raya&quot;. Analisis sejarah tersebut menguak adigum klasik militer bahwa keterpaduan antara kekuatan, kecermatan perencanaan, dan ketajaman intelejen di bawah komando yang efektif mampu mengantar Jepang meaklukkan wilayah Nanyo (Samudera Selatan)&#13;
&#13;
Dibagi dalam tiga belas bab. Bab demi bab merupakan rantai kesatuan dari latar belakang historis ambisi pembentukan Asia Timur Raya, situasi dan kondisi Jepang menjelang perang, proses, perencanaan, dan pelaksanaan seranga Jepang pada 8 Desember 1941 ke Pearl Harbor, hingga serangan kilat Jepang ke Nanyo dan Filipina dan reaksi serta strategi ABDACOM terhadap ekspansi militer Jepang.</subfield>
  </datafield>
  <controlfield tag="008">260121                d          0 ind  </controlfield>
  <datafield tag="990" ind1=" " ind2=" ">
   <subfield code="a">025.4879/PC/25</subfield>
  </datafield>
  <datafield tag="990" ind1=" " ind2=" ">
   <subfield code="a">025.4880/PC/25</subfield>
  </datafield>
  <datafield tag="990" ind1=" " ind2=" ">
   <subfield code="a">025.4881/PC/25</subfield>
  </datafield>
  <datafield tag="990" ind1=" " ind2=" ">
   <subfield code="a">025.4879/PC/25</subfield>
  </datafield>
  <datafield tag="990" ind1=" " ind2=" ">
   <subfield code="a">025.4880/PC/25</subfield>
  </datafield>
  <datafield tag="990" ind1=" " ind2=" ">
   <subfield code="a">025.4881/PC/25</subfield>
  </datafield>
  <datafield tag="990" ind1=" " ind2=" ">
   <subfield code="a">025.4880/PC/25</subfield>
  </datafield>
  <datafield tag="990" ind1=" " ind2=" ">
   <subfield code="a">025.4879/PC/25</subfield>
  </datafield>
  <datafield tag="990" ind1=" " ind2=" ">
   <subfield code="a">025.4881/PC/25</subfield>
  </datafield>
  <datafield tag="990" ind1=" " ind2=" ">
   <subfield code="a">025.4881/PC/25</subfield>
  </datafield>
  <datafield tag="990" ind1=" " ind2=" ">
   <subfield code="a">025.4879/PC/25</subfield>
  </datafield>
  <datafield tag="990" ind1=" " ind2=" ">
   <subfield code="a">025.4880/PC/25</subfield>
  </datafield>
 </record>
</collection>
